00000000nas 2200000zi 4500
0019.900477
003CaOODSP
00520251021131856
006m     o  d f      
007cr cn ||||||||
008210604c20229999oncar p o    f0###a0eng|d
022 |a2816-6639
040 |aCaOODSP|beng|erda|cCaOODSP
043 |an-cn---
0861 |aPS106-11E-PDF
1102 |aNational Security and Intelligence Review Agency (Canada)|eauthor, |eissuing body.
222 0|aFuture-oriented statement of operations (unaudited) for the years ending ... |b(National Security and Intelligence Review Agency (Canada))
24510|aFuture-oriented statement of operations (unaudited) for the years ending ...
264 1|a[Ottawa] : |bNational Security and Intelligence Review Agency, |c[2020]-
310 |aAnnual
336 |atext|btxt|2rdacontent
337 |acomputer|bc|2rdamedia
338 |aonline resource|bcr|2rdacarrier
3621 |aBegan with: March 31, 2021 and March 31, 2022.
500 |aIssued also in French under title: État des résultats prospectif (non audité) pour les exercises se terminant le ...
588 |aDescription based on: March 31, 2021 and March 31, 2022; title from PDF cover page.
588 |aLatest issue consulted: March 31, 2024 and March 31, 2025.
61020|aNational Security and Intelligence Review Agency (Canada)|xAppropriations and expenditures|vPeriodicals.
650 0|aFinance, Public|zCanada|xForecasting|vPeriodicals.
655 7|aPeriodicals|2lcgft
77508|tÉtat des résultats prospectif (non audité) pour les exercices se terminant le ...|w(CaOODSP)9.900482